000 00396nam a2200157Ia 4500
008 230917s9999||||xx |||||||||||||| ||und||
040 _e138616
_aMAIN
041 _aEnglish
082 _a001.64 T155S
100 _aTanenbaum, Andrew S
245 0 _aStructure computer organization
250 _a3rd ed.
260 _aNew Delhi
_bPrentice-Hall of India
_c1991
300 _a587 p.
942 _cBK
999 _c76258
_d76258